| Tag |
First Indicator |
Second Indicator |
Subfields |
| LEADER |
00000cam a2200000La 4500 |
| 001 |
in00001753601 |
| 005 |
20220105110332.0 |
| 006 |
m u |
| 007 |
cr cn--------- |
| 008 |
010625r19991997mau sbf 001 0 eng d |
| 020 |
|
|
|a 0631227598 (electronic bk.)
|
| 035 |
|
|
|a (OCoLC)ocm48138938
|
| 040 |
|
|
|a N$T
|c N$T
|d OCLCQ
|d UtOrBLW
|
| 049 |
|
|
|a IICA
|
| 050 |
1 |
4 |
|a P221
|b .H28 1999eb
|
| 082 |
0 |
4 |
|a 414
|2 20
|
| 245 |
0 |
4 |
|a The Handbook of phonetic sciences /
|c edited by William J. Hardcastle and John Laver.
|
| 250 |
|
|
|a [1st pbk. ed., 1999].
|
| 264 |
|
1 |
|a Cambridge, Mass. :
|b Blackwell,
|c 1999, 1997.
|
| 300 |
|
|
|a viii, 904 pages :
|b illustrations ;
|c 24 cm.
|
| 336 |
|
|
|a text
|b txt
|2 rdacontent
|
| 337 |
|
|
|a computer
|b c
|2 rdamedia
|
| 338 |
|
|
|a online resource
|b cr
|2 rdacarrier
|
| 490 |
1 |
|
|a Blackwell handbooks in linguistics ;
|v 5
|
| 504 |
|
|
|a Includes bibliographical references and index.
|
| 533 |
|
|
|a Electronic reproduction.
|b Boulder, Colo. :
|c NetLibrary,
|d 2001.
|n Available via World Wide Web.
|n Access may be limited to NetLibrary affiliated libraries.
|n Excludes some or all of the images found in the original book.
|
| 500 |
|
|
|a Electronic resource.
|
| 650 |
|
0 |
|a Phonetics
|v Handbooks, manuals, etc.
|
| 655 |
|
7 |
|a Electronic books.
|2 local
|
| 700 |
1 |
|
|a Hardcastle, William J.,
|d 1943-
|0 http://id.loc.gov/authorities/names/n90616708
|
| 700 |
1 |
|
|a Laver, John.
|0 http://id.loc.gov/authorities/names/n80023005
|
| 710 |
2 |
|
|a NetLibrary, Inc.
|0 http://id.loc.gov/authorities/names/no99080690
|
| 776 |
1 |
|
|c Original
|z 0631188487
|w (DLC) 96001454
|w (OCoLC)34151526
|
| 830 |
|
0 |
|a Blackwell handbooks in linguistics ;
|v 5.
|0 http://id.loc.gov/authorities/names/n94049088
|
| 856 |
4 |
1 |
|u https://proxy.library.tamu.edu/login?url=http://www.netLibrary.com/urlapi.asp?action=summary&v=1&bookid=44930
|z Connect to the full text of this electronic book
|t 0
|
| 994 |
|
|
|a X0
|b IIC
|
| 999 |
|
|
|a MARS
|
| 999 |
f |
f |
|s 6b8dee3d-67c9-357d-8644-f6585b80efb0
|i 042e4faf-fbbf-38dc-a89e-3bcbd2b89992
|t 0
|
| 952 |
f |
f |
|a Texas A&M University
|b College Station
|c Electronic Resources
|d Available Online
|t 0
|e P221 .H28 1999eb
|h Library of Congress classification
|
| 998 |
f |
f |
|a P221 .H28 1999eb
|t 0
|l Available Online
|